000 00316nam a22001337a 4500
008 171222b xxu||||| |||| 00| 0 eng d
020 _a9780781746434
041 _aeng
080 _26th
_a616
100 _a9
101 _aPAT
245 _aPATHOPHYSIOLOGY& MANAGEMENT OF THE NEWBORN
_cDONALD,M.G
942 _2udc
_cBK
999 _c39323
_d39323